000 00402nam a22001457a 4500
005 20180221123920.0
008 180221b xxu||||| |||| 00| 0 eng d
040 _cPK-LaUMT
082 _aZIAC 297.05
_bZAF-K
100 _aZafar Jamal Baloch
245 _aKhalid kay nam(Miss)/
_cZafar Jamal Baloch
260 _aلاہور:
_bادارہ مطبوعات طلبہ
_c1998
300 _a[ ]
942 _cBK
999 _c103604
_d103604